Brainrot Quiz #3 - Statistics

General Stats
  • This quiz has been taken 639 times
  • The average score is 7 of 10
Answer Stats
Hint Answer % Correct
Fill in the blank: You're so skibidi, you're so _____ ___ Fanum Tax
88%
In what state did baby Gronk rizz up Livvy Dunne? Ohio
87%
What do you gain when you do something cool and lose when you do something bad? Aura
86%
Short streamer known for his reactions Kai Cenat
79%
What meme is Ninja still dragging? Low Taper Fade
78%
What do you say someone is when it's absolutely over for them? Cooked
75%
Who's got the biggest snake Drake
75%
Who invented rizz? (Hint: Dude on the quiz thumbnail) Duke Dennis
64%
What brainrot holiday is celebrated near New Year's? Rizzmas
32%
Brainrot version of pizza Skibidi Slicers
19%
No matching quizzes found
Score Distribution
Percent of People with Each Score
Percentile by Number Answered
Your Score History
You have not taken this quiz